书目信息 |
| 题名: |
表现主义
|
|
| 作者: | 崔庆忠 , 翟墨 编著 | |
| 分册: | ||
| 出版信息: | 北京 人民美术出版社 2000.08 |
|
| 页数: | 62页, [118]页图版 | |
| 开本: | 21cm | |
| 丛书名: | 西方现代艺术派书系 | |
| 单 册: | ||
| 中图分类: | J209.9 | |
| 科图分类: | ||
| 主题词: | 表现主义--画派--西方国家 | |
| 电子资源: | ||
| ISBN: | 7-102-02227-1 | |
| 000 | 01069oam2 2200265 45 | |
| 001 | 012000202969 | |
| 005 | 20041010110212.77 | |
| 010 | @a7-102-02227-1@dCNY 40.00 | |
| 100 | @a20010220d2000 em y0chiy0120 ea | |
| 101 | 0 | @achi |
| 102 | @aCN@b110000 | |
| 105 | @aacf z 000yy | |
| 200 | 1 | @a表现主义@ABiao Xian Zhu Yi@dExpressionism@f翟墨主编@Fzhai mo zhu bian@g崔庆忠编著@zeng |
| 210 | @a北京@c人民美术出版社@d2000.08 | |
| 215 | @a62页, [118]页图版@c图,肖像, 图版@d21cm | |
| 225 | 2 | @a西方现代艺术派书系@dThe Western Modern Art Schools@f翟墨, 王端廷主编@zeng |
| 314 | @a崔庆忠,山东省蒙阴县人。1994年毕业于曲阜师范大学美术系油画专业,获文学学士学位,1997年毕业于中国艺术研究院研究生部美术系,获美术学硕士学位,同年进入中国艺术研究院美术馆研究所美术理论研究室从事美术理论研究工作。 | |
| 410 | 0 | @12001 @a西方现代艺术派书系 |
| 510 | 1 | @aExpressionism@zeng |
| 606 | 0 | @a表现主义@x画派@y西方国家 |
| 690 | @aJ209.9@v4 | |
| 701 | 0 | @a崔庆忠@ACui Qing Zhong@4编著 |
| 701 | 0 | @a翟墨@Azhai mo@4主编 |
| 801 | 0 | @aCN@bCEPC@c20041010 |
| 905 | @a10447@dJ209.9@eZ047 | |
| 表现主义=Expressionism/翟墨主编/崔庆忠编著.-北京:人民美术出版社,2000.08 |
| 62页, [118]页图版:图,肖像, 图版;21cm.-(西方现代艺术派书系=The Western Modern Art Schools/翟墨, 王端廷主编) |
| ISBN 7-102-02227-1:CNY 40.00 |
| ● |
| 相关链接 |
|
|
|
正题名:表现主义
索取号:J209.9/Z047
 
预约/预借
| 序号 | 登录号 | 条形码 | 馆藏地/架位号 | 状态 | 备注 |
| 1 | 398735 | 203987356 | 艺术设计学院资料室/ [索取号:J209.9/Z047] | 在馆 |